The state they're in : (Record no. 128194)

MARC details
000 -LEADER
fixed length control field 01155nam a2200253 a 4500
008 - FIXED-LENGTH DATA ELEMENTS--GENERAL INFORMATION
fixed length control field
020 ## - INTERNATIONAL STANDARD BOOK NUMBER
International Standard Book Number 9781853396403 (pbk.)
049 ## - LOCAL HOLDINGS (OCLC)
Holding library MAIN
090 ## - LOCALLY ASSIGNED LC-TYPE CALL NUMBER (OCLC); LOCAL CALL NUMBER (RLIN)
Classification number (OCLC) (R) ; Classification number, CALL (RLIN) (NR) HC79.P6
Local cutter number (OCLC) ; Book number/undivided call number, CALL (RLIN) LOC.
003 - CONTROL NUMBER IDENTIFIER
control field
005 - DATE AND TIME OF LATEST TRANSACTION
control field 20230123122125.0
040 ## - CATALOGING SOURCE
Transcribing agency NUST
100 1# - MAIN ENTRY--PERSONAL NAME
Personal name Lockwood, Matthew.
245 14 - TITLE STATEMENT
Title The state they're in :
Remainder of title an agenda for international action on poverty in Africa /
Statement of responsibility, etc. Matthew Lockwood.
260 ## - PUBLICATION, DISTRIBUTION, ETC.
Place of publication, distribution, etc. Warwickshire, U.K. :
Name of publisher, distributor, etc. Intermediate Technology Publications,
Date of publication, distribution, etc. 2006.
300 ## - PHYSICAL DESCRIPTION
Extent x, 194 p. ;
Dimensions 22 cm.
490 1# - SERIES STATEMENT
Series statement Viewpoints.
500 ## - GENERAL NOTE
General note Includes index.
504 ## - BIBLIOGRAPHY, ETC. NOTE
Bibliography, etc. note Includes bibliographical references.
505 0# - FORMATTED CONTENTS NOTE
Formatted contents note Introduction -- Africa in 2005: the long view -- The truth about trade -- Aid, debt relief and conditionality -- The limits of 'governance' -- Politics in Africa -- The state they're in -- Are developmental states now emerging in Africa? -- What will a developmental state in Africa look like? -- Towards developmental states in Africa-what agenda for international action?
650 #0 - SUBJECT ADDED ENTRY--TOPICAL TERM
Topical term or geographic name entry element Poverty
Geographic subdivision Africa.
907 ## - LOCAL DATA ELEMENT G, LDG (RLIN)
a .b10351553
b 28-11-14
c 27-11-14
942 ## - ADDED ENTRY ELEMENTS (KOHA)
Koha item type Ordinary Loan Books
Call number prefix HC79.P6
Call number suffix LOC.
Holdings
Date last seen Total Checkouts Full call number Barcode Cost, replacement price Price effective from Koha item type Lost status Source of classification or shelving scheme Damaged status Not for loan Collection Withdrawn status Home library Current library Shelving location Date acquired Cost, normal purchase price
01/23/2023   HC79.P6 LOC 92004037270 80.00 01/23/2023 BOOKS   LCC     NFIC   MAIN MAIN GEN 01/23/2023 80.00